Statystyki dla Ed Sheeran - Wszystkie piosenki

Kliknij tutaj aby rozwiązać quiz!

Ogólne statystyki

  • Ten quiz został rozwiązany 98 razy
    (93 od ostatniego zresetowania)
  • Średni wynik to 17 z 115

Statystyki odpowiedzi

Tytuł piosenki% Poprawnych
Shape Of You
89%
Perfect
87%
Thinking Out Loud
61%
Photograph
58%
Castle on the Hill
54%
Bad Habits
53%
Shivers
53%
Galway Girl
48%
Happier
47%
I See Fire
44%
I Don't Care
38%
Give Me Love
37%
The A Team
35%
Dive
33%
Supermarket Flowers
33%
Beautiful People
30%
Don't
29%
Lego House
29%
Sing
28%
Afterglow
25%
So
25%
You
25%
Barcelona
24%
One
22%
I'm a Mess
20%
You Need Me, I Don't Need You
20%
Eraser
19%
Kiss Me
19%
Overpass Graffiti
19%
Tides
19%
Drunk
18%
Nancy Mulligan
18%
New Man
18%
Bloodstream
16%
2step
15%
Tenerife Sea
15%
Visiting Hours
15%
Antisocial
14%
First Times
14%
Save Myself
14%
Afire Love
13%
Collide
13%
Nina
13%
Sandman
13%
She
13%
This
13%
Bibia Be Ye Ye
11%
BLOW
11%
Cross Me
11%
How Would You Feel
11%
Best Part of Me
10%
Hearts Don't Break Around Here
10%
Small Bump
10%
Take Me Back to London
10%
The City
10%
Wake Me Up
10%
Be Right Now
9%
Leave Your Life
9%
Little Bird
9%
Runaway
9%
Stop The Rain
9%
The Man
9%
What Do I Know?
9%
Cold Coffee
8%
Feels
8%
Merry Christmas
8%
Remember The Name
8%
River
8%
U.N.I.
8%
1000 Nights
6%
Everything Has Changed
6%
Grade 8
6%
Put It All on Me
6%
Take It Back
6%
Touch and Go
6%
Even My Dad Does Sometimes
5%
Homeless
5%
I Don't Want Your Money
5%
New York
5%
Nothing On You
5%
Radio
5%
Be Like You
4%
Fall
4%
Family
4%
Friends
4%
Gold Rush
4%
Let It Out
4%
Love In Slow Motion
4%
Make It Rain
4%
Sunburn
4%
Way To Break My Heart
4%
Drown Me Out
3%
English Rose
3%
Fire Alarms
3%
Firefly
3%
Lay It All on Me
3%
One Night
3%
Shirtleeves
3%
Sofa
3%
Where We Land
3%
Atumn Leaves
1%
Boa Me
1%
Everything You Are
1%
Goodbye to You
1%
Lately
1%
Little Lady
1%
Nightmares
1%
Parting Glass
1%
South Of Border
1%
10,000 Tears
0%
Dark Times
0%
I Was Made For Loving You
0%
Joker And The Queen The
0%
Old School Love
0%
Top Floor
0%

Rozkład punktacji

Percentyl według liczby udzielonych odpowiedzi

Procent ludzi z każdym wynikiem

Twoja historia wyników

Nie rozwiązałeś tego quizu od ostatniego zresetowania